| 000 | 00569nam a2200193Ia 4500 | ||
|---|---|---|---|
| 003 | GCL | ||
| 008 | 140319s9999 xx 000 0 ara d | ||
| 040 |
_aGCL / _cGCL |
||
| 082 | 0 | 4 |
_a813.03 _bم د |
| 100 | 1 | _aمحسن جابر الموسوى | |
| 245 | 1 | 0 |
_aدرب الزعفران / _cمحسن جابر الموسوى |
| 300 | _a159 ص | ||
| 490 |
_a100 قصة _v0 |
||
| 650 | 0 | 4 | _aالادب العربى |
| 650 | 0 | 4 | _aالقصص العربية |
| 650 | 0 | 4 | _aالادب العربى - العصر الحديث |
| 650 | 0 | 4 | _aالقصص - مصر |
| 942 |
_2ddc _cBK |
||
| 999 |
_c46065 _d46065 |
||